| 000 | 00448nam a2200169Ia 4500 | ||
|---|---|---|---|
| 008 | 230917s9999||||xx |||||||||||||| ||und|| | ||
| 020 | _cRS475 | ||
| 040 |
_e232428 _aMAIN |
||
| 041 | _aEnglish | ||
| 082 | _a621.4022 R137T | ||
| 100 | _aRajput, R K | ||
| 245 | 0 | _aTextbook of heat and mass transfer | |
| 260 |
_aNew Delhi _bS Chand _c2016 |
||
| 300 | _axvii, 756 p. | ||
| 500 | _a2296 10/03/2016 HBD15/1732 12/03/2016 Main Budget | ||
| 942 | _cBK | ||
| 999 |
_c18328 _d18328 |
||